Composantes de l'université de Poitiers - Statistiques

Statistiques générales
  • Ce quiz a été pris 56 fois
  • Le résultat moyen est 6 sur 14
Statistiques - réponses
Indices Réponses % Correct
UFR Droit et sciences sociales
85%
UFR Lettres et langues
75%
UFR Santé
65%
UFR Sciences du sport
63%
UFR Sciences humaines et Arts
55%
UFR Sciences fondamentales et appliquées
38%
Institut Institut universitaire de technologie d'Angoulême
35%
Institut Institut universitaire de technologie de Poitiers-Niort-Châtellerault
35%
Institut Institut d'administration des entreprises
33%
UFR Sciences économiques
33%
École École nationale supérieure d'ingénieurs de Poitiers
30%
Institut Institut national supérieur du professorat et de l'éducation
30%
Institut Institut de préparation à l'administration générale
20%
École École nationale supérieure des sciences applicatives et du risque
13%
Aucun quiz correspondant
Distribution des résultats
% des personnes avec chaque résultat
Percentile par nombre de réponses
Votre historique - résultats
Vous n’avez pas pris ce quiz